000 00735nam a2200241Ia 4500
003 GCL
005 20240530104942.0
008 140319s9999 xx 000 0 ara d
040 _aGCL /
_cGCL
082 0 4 _a364.142
_bو ب
100 1 _aوجيه ابوذكرى
245 1 0 _aالبانجو قنبلة انفجرت فى عقول الشباب /
_cوجيه ابوذكرى
300 _a152 ص
490 _aكتاب اليوم
_v0
650 0 4 _aادمان المخدرات
650 0 4 _aالمخدرات والشباب
650 0 4 _aالمخدرات
650 0 4 _aالمخدرات والجريمة
650 0 4 _aالبانجو
700 1 _aنوال مصطفى
700 1 _aيحيى عبدالرحمن
942 _2ddc
_cBK
999 _c52016
_d52016